000 00381nam a2200145Ia 4500
008 181130s2018 xx 000 0 und d
100 _aSinha, Vineet Kumar
245 _aSochna ke adhikaar se samajik ankeshan tak
260 _c2018
300 _ap.100-116.
504 _dJan-Jun
650 _aRight to information
773 _aLok Prashasan
906 _aRight to information
999 _c506855
_d506855